000 01027nam0a22002651 4500
001 rc\4052043
005 20250611072041.0
021 _aRU
_b[64-62370]
035 _a(NLR Aleph) 008106380
090 _a9276198
_c9276198
100 _a20130415d1964 |||y0rusy50 ca
101 0 _arus
102 _aRU
105 _ay z |||||
200 1 _aПроблемы международного регулирования труда
_fАкад. наук СССР. Ин-т государства и права
210 _aМосква
_cБ. и.
_d1964
215 _a343 с.
_d20
606 _aМеждународная организация труда
_2psbo
606 _aТруд
_xКонвенции и соглашения международные
_2psbo
700 1 _7ca
_8rus
_aИванов
_bС. А.
_cд-р юрид. наук
_f1924-2008
_gСемён Александрович
_92641813
_3RU\NLR\AUTH\770272129
801 0 _aRU
_bNLR
_gpsbo
801 1 _aRU
_bELAR
_2rusmarc
852 _aNLR
_j64-3/4924
942 _cBOOK
980 _aNB